Statistics for Galapagos Bird Quiz

Click here to take the quiz!

General Stats

  • This quiz has been taken 8 times
  • The average score is 5 of 16

Answer Stats

Answer% Correct
Blue-Footed Booby
86%
Flightless Cormorant
57%
Galapagos Penguin
57%
Red-Footed Booby
57%
American Flamingo
29%
Lava Gull
29%
Inca Tern
14%
Large Ground Finch
14%
Northern Shoveler
14%
Pied-Billed Grebe
14%
Red-Billed Tropicbird
14%
Ruddy Turnstone
14%
Sanderling
14%
Vermillion Flycatcher
14%
Whimbrel
14%
White-Cheeked Pintail
14%

Score Distribution

Percentile by Number Answered

Percent of People with Each Score

Your Score History

You have not taken this quiz